000
00317nam a2200121Ia 4500
008
190216s9999||||xx |||||||||||||| ||und||
100
_a
"Motewar Sn, Domkundwar S"
245
0
_a
Course Computer Programming With Numerical Techniques
260
_b
Dhanpat Rai
_c
1994
300
_a
962p
650
_a
Physics
942
_c
BK
999
_c
8454
_d
8454